| Tag |
First Indicator |
Second Indicator |
Subfields |
| LEADER |
00000cam a22000001a 4500 |
| 001 |
in00002801421 |
| 005 |
20190331175724.0 |
| 006 |
m o d |
| 007 |
cr bn mmmapmmp |
| 008 |
091223s1837 dcud o f000 0 eng d |
| 035 |
|
|
|a cis2004325274
|
| 040 |
|
|
|a UMI
|c UMI
|d UtOrBLW
|
| 043 |
|
|
|a n-us---
|
| 086 |
0 |
|
|a T 28.1:836
|
| 099 |
|
|
|a ProQuest Serial Set Number 303 H.doc.96
|
| 110 |
2 |
|
|a United States Mint.
|
| 245 |
1 |
0 |
|a United States Mint. Message from the President of the United States, transmitting the annual report of the Director of the Mint.
|
| 246 |
1 |
|
|a Mint, statement of coinage, 1836, Presidential message
|
| 264 |
|
1 |
|a Washington :
|b [publisher not identified],
|c 1837.
|
| 300 |
|
|
|a 1 online resource.
|
| 336 |
|
|
|a text
|b txt
|2 rdacontent
|
| 337 |
|
|
|a computer
|b c
|2 rdamedia
|
| 338 |
|
|
|a online resource
|b cr
|2 rdacarrier
|
| 490 |
0 |
|
|a H.doc.96
|
| 500 |
|
|
|a Record is based on bibliographic data in ProQuest U.S. Serial Set Digital Collection (last viewed Dec. 2009). Reuse except for individual research requires license from ProQuest, LLC.
|
| 510 |
3 |
|
|a ProQuest U.S. Serial Set Digital Collection
|
| 500 |
|
|
|a Electronic resource.
|
| 650 |
|
0 |
|a Coins.
|
| 651 |
|
0 |
|a Georgia.
|
| 651 |
|
0 |
|a North Carolina.
|
| 655 |
|
7 |
|a Electronic books.
|2 local
|
| 710 |
2 |
|
|a ProQuest (Firm)
|
| 830 |
|
0 |
|a United States congressional serial set.
|
| 856 |
4 |
0 |
|u http://proxy.library.tamu.edu/login?url=http://congressional.proquest.com/congcomp/getdoc?SERIAL-SET-ID=303+H.doc.96
|z Connect to the full text of this electronic book
|t 0
|
| 999 |
|
|
|a MARS
|
| 999 |
f |
f |
|s beee9fb2-5113-3436-94fb-2a56d9ad0a9f
|i c7fd0aab-ad0d-377a-91aa-8c24a0c66477
|t 0
|
| 952 |
f |
f |
|a Texas A&M University
|b College Station
|c Electronic Resources
|d Available Online
|t 0
|e ProQuest Serial Set Number 303 H.doc.96
|h Other scheme
|
| 998 |
f |
f |
|a ProQuest Serial Set Number 303 H.doc.96
|t 0
|l Available Online
|